Design of computer data files / (Record no. 180192)

000 -LEADER
fixed length control field 01014 a2200205 4500
003 - CONTROL NUMBER IDENTIFIER
control field Nust
005 - DATE AND TIME OF LATEST TRANSACTION
control field 20230607094139.0
010 ## - LIBRARY OF CONGRESS CONTROL NUMBER
LC control number 78031090
020 ## - INTERNATIONAL STANDARD BOOK NUMBER
International Standard Book Number 027301241x
040 ## - CATALOGING SOURCE
Transcribing agency Nust
082 00 - DEWEY DECIMAL CLASSIFICATION NUMBER
Classification number 005.74,HAN
100 1# - MAIN ENTRY--PERSONAL NAME
Personal name Hanson, Owen,
9 (RLIN) 113038
245 10 - TITLE STATEMENT
Title Design of computer data files /
Statement of responsibility, etc. Owen Hanson.
260 ## - PUBLICATION, DISTRIBUTION, ETC.
Place of publication, distribution, etc. Rockville, Md., U.S.A. :
Name of publisher, distributor, etc. Computer Science Press,
Date of publication, distribution, etc. c1982.
300 ## - PHYSICAL DESCRIPTION
Extent x, 358 p. :
Other physical details ill. ;
Dimensions 24 cm.
440 #0 - SERIES STATEMENT/ADDED ENTRY--TITLE
Title Computer software engineering series
9 (RLIN) 112290
505 ## - FORMATTED CONTENTS NOTE
Formatted contents note An Introduction To The Design (Page-1), Review Of Backing Storage Devices (Page-19), Choice And Design Of Record Formats (Page-48), Blocking And Buffering (Page-63), Sequential File Organization (Page-97), Direct File Organization (Page-132), Indexed Sequential Files (Page-206), File Organization For Multiple Key Processing (Page-254), Choice Of File Organization (Page-265), Accuracy, Integrity And Security (Page-288).
650 #0 - SUBJECT ADDED ENTRY--TOPICAL TERM
Topical term or geographic name entry element File organization (Computer science)
942 ## - ADDED ENTRY ELEMENTS (KOHA)
Source of classification or shelving scheme
Koha item type Book
Call number prefix 005.74,HAN
Holdings
Withdrawn status Lost status Source of classification or shelving scheme Damaged status Not for loan Permanent Location Current Location Shelving location Date acquired Full call number Barcode Date last seen Price effective from Koha item type Public note
          Military College of Signals (MCS) Military College of Signals (MCS) General Stacks 12/12/2016 005.74,HAN MCS3353 12/08/2016 12/12/2016 Book Almirah No.81, Shelf No.2
© 2023 Central Library, National University of Sciences and Technology. All Rights Reserved.